Countries the USA Declared War On - Statistics

General Stats
  • This quiz has been taken 159 times
  • The average score is 9 of 11
Answer Stats
Year War Country % Correct
1917 WWI Germany
99%
1941 WWII Germany
99%
1941 WWII Japan
98%
1941 WWII Italy
94%
1812 War of 1812 Great Britain
92%
1846 Mexican-American War Mexico
85%
1898 Spanish-American War Spain
81%
1917 WWI Austria-Hungary
80%
1942 WWII Rumania
64%
1942 WWII Hungary
62%
1942 WWII Bulgaria
58%
No matching quizzes found
Score Distribution
Percent of People with Each Score
Percentile by Number Answered
Your Score History
You have not taken this quiz